[Event "77. ljubljanska liga 2025"]
[Site "Gostovanja"]
[Date "2025.03.20"]
[Round "7.8"]
[White "Banko, Franci"]
[Black "Novak, Andrej"]
[Result "0-1"]
[WhiteElo "1636"]
[BlackElo "1824"]
[PlyCount "82"]
[EventDate "2025.01.16"]
[WhiteTeam "SK TRZIN"]
[BlackTeam "SK RUDAR TRBOVLJE"]

1. e4 c5 2. Nf3 a6 3. Nc3 e6 4. Be2 Nc6 5. d4 cxd4 6. Nxd4 Qc7 7. O-O Nf6 8. f4
Nxd4 9. Bd3 Nb5 10. Nxb5 axb5 11. b3 Qc5+ 12. Kh1 d5 13. e5 Ne4 14. Bxe4 dxe4
15. Re1 Bd7 16. Rxe4 Bc6 17. Be3 Qd5 18. Qxd5 Bxd5 19. Rd4 Bc5 20. Rd3 Bxe3 21.
Rxe3 Rc8 22. b4 Rxc2 23. Rg3 g6 24. h4 Ke7 25. a4 Rhc8 26. a5 Rc1+ 27. Rxc1
Rxc1+ 28. Kh2 Rb1 29. h5 Rxb4 30. hxg6 hxg6 31. Rc3 Bc6 32. g4 Ra4 33. f5 gxf5
34. gxf5 exf5 35. Kg3 b4 36. Rc4 b3 37. Rc3 b2 38. Rb3 Ra3 39. Rxa3 b1=Q 40. a6
Qe1+ 41. Kf4 Qe4+ 0-1